Closest U.S. Capital City Pairs Quiz #1 - Statistics

General Stats
  • This quiz has been taken 70 times
  • The average score is 20 of 25
Answer Stats
km Capital Nearest Other mi % Correct
1471 Juneau Olympia 914
96%
233 Olympia Salem 145
96%
274 Bismarck Pierre 170
95%
163 Sacramento Carson City 101
91%
67 Providence Boston 41
89%
224 Baton Rouge Jackson 139
88%
86 Dover Annapolis 53
86%
157 Cheyenne Denver 97
84%
215 Lincoln Topeka 133
84%
478 Salt Lake City Boise 297
82%
335 Lansing Columbus 208
82%
579 Austin Oklahoma City 360
82%
26 Concord Boston 16
79%
466 Helena Boise 290
77%
133 Albany Hartford 82
77%
459 Santa Fe Denver 285
73%
483 Oklahoma City Little Rock 300
73%
288 Montgomery Atlanta 179
71%
207 Indianapolis Frankfort 129
71%
108 Richmond Annapolis 112
70%
362 St. Paul Madison 225
70%
136 Trenton Dover 84
68%
215 Charleston Columbus 133
64%
295 Columbia Raleigh 183
61%
256 Jefferson City Springfield 159
57%
No matching quizzes found
Score Distribution
Percent of People with Each Score
Percentile by Number Answered
Your Score History
You have not taken this quiz